000 00795nam a2200241Ia 4500
001 10515
003 GE_BSU
008 181216s||||||||xx |||||||||||||| ||und||
020 _a9789941148330
040 _cGE_BSU
100 _aნადირაძე,ანზორ
245 _aსაშენი მასალები და ნაკეთობები
245 _bსახელმძღვ.
260 _aთბილისი
260 _bტექ.უნ-ტი
260 _c2011
300 _a392გვ;20სმ.
300 _bბიბლიოგრ:გვ.384-386
520 _aნახ;ცხრ.
541 _h30ლ.
653 _aსაშენი მასალები და ნაკეთობები:სახელმძღვ.
942 _cBK
999 _c43770
_d43770